[Event "AUT chT"]
[Site "2. Bundesliga Mitte 2003/04"]
[Date "2003.??.??"]
[Round "4"]
[White "Mazi, Leon"]
[Black "Shapiro, Boris"]
[Result "1/2-1/2"]
[WhiteElo "2402"]
[BlackElo "2455"]
[PlyCount "57"]
[EventDate "2003.??.??"]

1. e4 e6 2. d3 c5 3. Nf3 Nc6 4. g3 d5 5. Nbd2 Nf6 6. Bg2 Be7 7. O-O b6 8. Re1
Bb7 9. exd5 Nxd5 10. c3 O-O 11. a4 Qc7 12. Nc4 Rad8 13. Qb3 Bf6 14. a5 Nce7 15.
axb6 axb6 16. Ng5 Nc8 17. Bd2 Rd7 18. Rad1 Bc6 19. Nf3 Rdd8 20. Nfe5 Bb7 21. h4
Be7 22. Bc1 Rfe8 23. Nd2 Bf8 24. Ndf3 h6 25. d4 Nf6 26. Bf4 Nd5 27. Bc1 Nf6 28.
Bf4 Nd5 29. Bc1 1/2-1/2

[Event "AUT chT"]
[Site "2. Bundesliga Mitte 2003/04"]
[Date "2003.??.??"]
[Round "4"]
[White "Mohr, Georg"]
[Black "Tompa, Janos"]
[Result "1/2-1/2"]
[WhiteElo "2474"]
[BlackElo "2397"]
[PlyCount "87"]
[EventDate "2003.??.??"]

1. Nf3 c5 2. c4 Nc6 3. Nc3 e5 4. g3 g6 5. Bg2 Bg7 6. O-O Nge7 7. Ne1 d6 8. Nc2
O-O 9. Ne3 Be6 10. Ned5 Qd7 11. Qa4 Rae8 12. d3 Bg4 13. f3 Be6 14. Bd2 f5 15.
a3 h6 16. f4 Kh7 17. b4 e4 18. dxe4 Nd4 19. Qxd7 Bxd7 20. Rab1 Nxd5 21. cxd5 c4
22. Kf2 fxe4 23. e3 Nf3 24. Bxf3 exf3 25. Kxf3 Bf5 26. Rbc1 a6 27. g4 Bxc3 28.
Bxc3 Be4+ 29. Kf2 g5 30. f5 h5 31. h3 b5 32. Rfd1 Bd3 33. a4 Re4 34. Kf3 Rfe8
35. Re1 bxa4 36. Bd4 a3 37. Rg1 a2 38. Ra1 Rxd4 39. exd4 Re2 40. Rg2 Rxg2 41.
Kxg2 Bb1 42. Kf2 hxg4 43. hxg4 c3 44. Ke2 1/2-1/2

[Event "AUT chT"]
[Site "2. Bundesliga Mitte 2003/04"]
[Date "2003.??.??"]
[Round "4"]
[White "Petroczi, Thomas"]
[Black "Pesorda, Ivan"]
[Result "0-1"]
[WhiteElo "2164"]
[BlackElo "2234"]
[PlyCount "52"]
[EventDate "2003.??.??"]

1. e4 c5 2. Nc3 Nc6 3. f4 e6 4. Nf3 a6 5. g3 d5 6. d3 b5 7. Bg2 Nf6 8. Qe2 Nd4
9. Nxd4 cxd4 10. exd5 dxc3 11. dxe6 Bb4 12. Bc6+ Kf8 13. bxc3 Bxc3+ 14. Bd2
Bxd2+ 15. Kxd2 Ra7 16. a4 b4 17. Qe5 Rc7 18. Bf3 fxe6 19. g4 Ne8 20. Rab1 Qe7
21. Rhe1 Rc5 22. Qe3 Qc7 23. Rb2 Nd6 24. Qd4 a5 25. Re5 Rxe5 26. Qxe5 Kf7 0-1

[Event "AUT chT"]
[Site "2. Bundesliga Mitte 2003/04"]
[Date "2003.??.??"]
[Round "4"]
[White "Pflug, Matthias"]
[Black "Pavasovic, Dusko"]
[Result "1/2-1/2"]
[WhiteElo "2236"]
[BlackElo "2596"]
[PlyCount "94"]
[EventDate "2003.??.??"]

1. e4 e5 2. Nf3 Nc6 3. Bc4 Bc5 4. c3 Nf6 5. d3 O-O 6. Bg5 h6 7. Bh4 Be7 8. O-O
d6 9. Nbd2 Nh5 10. Bxe7 Qxe7 11. Nd4 exd4 12. Qxh5 Ne5 13. h3 Nxc4 14. Nxc4
dxc3 15. bxc3 f5 16. Rae1 fxe4 17. Rxe4 Qf6 18. d4 Be6 19. Qe2 Bd5 20. Re3 Qg6
21. Rg3 Qe6 22. Ne3 Rae8 23. c4 Be4 24. Qb2 b6 25. d5 Qf7 26. Nc2 Bxc2 27. Qxc2
Qf5 28. Qd2 Qf4 29. Qc3 Qe5 30. Qc1 Qf4 31. Qc3 Re5 32. Rf3 Qh4 33. Rxf8+ Kxf8
34. Re1 Rxe1+ 35. Qxe1 Qxc4 36. Qe6 Qc1+ 37. Kh2 Qf4+ 38. Kg1 Qc1+ 39. Kh2 Qf4+
40. Kg1 c5 41. Qc8+ Ke7 42. Qe6+ Kd8 43. Qg8+ Kc7 44. Qxg7+ Kb8 45. Qd7 Qc1+
46. Kh2 Qf4+ 47. Kg1 Qc1+ 1/2-1/2

[Event "AUT chT"]
[Site "2. Bundesliga Mitte 2003/04"]
[Date "2003.??.??"]
[Round "4"]
[White "Sandner, Wolfgang"]
[Black "Rogulj, Branko"]
[Result "1/2-1/2"]
[WhiteElo "2245"]
[BlackElo "2411"]
[PlyCount "110"]
[EventDate "2003.??.??"]

1. Nf3 Nf6 2. g3 g6 3. Bg2 Bg7 4. O-O O-O 5. d3 c5 6. e4 Nc6 7. h3 d6 8. Nc3
Rb8 9. a4 a6 10. Be3 b5 11. axb5 axb5 12. e5 dxe5 13. Bxc5 b4 14. Na4 Nd5 15.
Nd2 Be6 16. Re1 Qc7 17. Nc4 Nd4 18. Bxd4 exd4 19. Qe2 Rfc8 20. b3 Nf6 21. Ra2
Nd7 22. Rea1 Bxc4 23. bxc4 e6 24. Nb2 b3 25. Ra7 Qd8 26. Kh2 h5 27. cxb3 Rxb3
28. Qc2 Rc3 29. Qe2 Ne5 30. Ra8 Kh7 31. Be4 f5 32. Bg2 Rxa8 33. Rxa8 Qc7 34.
Ra6 h4 35. Rxe6 hxg3+ 36. fxg3 Rb3 37. Ra6 Qb8 38. Ra2 Bh6 39. Qc2 Be3 40. c5
f4 41. Be4 fxg3+ 42. Kg2 Rc3 43. Qe2 Kg7 44. Nd1 Rxc5 45. Nxe3 dxe3 46. d4 Rc4
47. Qxe3 Nf7 48. Bxg6 Qb7+ 49. Be4 Qc7 50. Ra3 Kf8 51. Rb3 Qd6 52. Rd3 Rc2+ 53.
Rd2 Rc1 54. Qf3 Qb4 55. Qe2 Rc3 1/2-1/2

[Event "AUT chT"]
[Site "2. Bundesliga Mitte 2003/04"]
[Date "2003.??.??"]
[Round "4"]
[White "Schnider, Gert"]
[Black "Stadler, Peter"]
[Result "1-0"]
[WhiteElo "2213"]
[BlackElo "2180"]
[PlyCount "61"]
[EventDate "2003.??.??"]

1. d4 Nf6 2. c4 g6 3. Nc3 d5 4. Nf3 Bg7 5. Bg5 Ne4 6. cxd5 Nxg5 7. Nxg5 c6 8.
Nf3 cxd5 9. e3 Nc6 10. Qb3 e6 11. Bd3 O-O 12. O-O b6 13. Rfc1 Bb7 14. Rc2 Qe7
15. a3 Rfc8 16. Qa2 Nd8 17. Rac1 f6 18. b4 Nf7 19. Nb5 Rxc2 20. Rxc2 Ba6 21.
Rc7 Qd8 22. Qc2 Nd6 23. Nxd6 Bxd3 24. Qc6 Bf8 25. Nc8 Ba6 26. Qxe6+ Kh8 27. Ne7
Bg7 28. Rd7 Qf8 29. Qxd5 Re8 30. Rxa7 Rxe7 31. Rxe7 1-0

[Event "AUT chT"]
[Site "2. Bundesliga Mitte 2003/04"]
[Date "2003.??.??"]
[Round "4"]
[White "Stoll, Thomas"]
[Black "Uhlmann, Wolfgang"]
[Result "0-1"]
[WhiteElo "2231"]
[BlackElo "2451"]
[PlyCount "126"]
[EventDate "2003.??.??"]

1. e4 e6 2. d4 d5 3. Nc3 Bb4 4. exd5 exd5 5. Bd3 Qf6 6. a3 Bxc3+ 7. bxc3 Ne7 8.
Qh5 Bf5 9. Bg5 Qg6 10. Qxg6 hxg6 11. Rb1 b6 12. Kd2 f6 13. Bf4 Bxd3 14. cxd3
Kd7 15. g4 g5 16. Bg3 Nbc6 17. Nf3 Ng6 18. h4 gxh4 19. Nxh4 Nxh4 20. Bxh4 Nd8
21. Bg3 Nf7 22. c4 Rxh1 23. Rxh1 Rh8 24. Rc1 dxc4 25. dxc4 Nd6 26. Kd3 Nb7 27.
c5 bxc5 28. dxc5 Kc6 29. Ke4 g6 30. g5 fxg5 31. Ke5 Rf8 32. Ke4 Nxc5+ 33. Kd4
Rd8+ 34. Ke5 Rd6 35. Rc2 a5 36. f3 Kb5 37. a4+ Kc6 38. Bf2 Rd5+ 39. Kf6 Kd6 40.
Bg3+ Kd7 41. Kxg6 c6 42. Rc4 Ne6 43. Kf6 Nd4 44. Bf2 Nxf3 45. Be3 Kd6 46. Bf2
c5 47. Bg3+ Kc6 48. Rc3 Nd2 49. Re3 Rd4 50. Kxg5 Ne4+ 51. Kf5 Nxg3+ 52. Rxg3
Rxa4 53. Ke5 Rd4 54. Rg8 a4 55. Ra8 Kb5 56. Rb8+ Kc4 57. Ra8 Kb3 58. Rb8+ Rb4
59. Rh8 a3 60. Rh3+ Ka4 61. Kd5 a2 62. Rh8 Ka3 63. Kxc5 a1=Q 0-1

[Event "AUT chT"]
[Site "2. Bundesliga Mitte 2003/04"]
[Date "2003.??.??"]
[Round "4"]
[White "Supancic, Darko"]
[Black "Sandhoefner, Florian"]
[Result "1/2-1/2"]
[WhiteElo "2377"]
[BlackElo "2247"]
[PlyCount "99"]
[EventDate "2003.??.??"]

1. Nf3 Nf6 2. d4 d5 3. Bf4 c6 4. e3 Bf5 5. c4 e6 6. Qb3 Qc8 7. Nc3 Nbd7 8. Rc1
a6 9. h3 h6 10. cxd5 exd5 11. g4 Be6 12. Bg2 Be7 13. Ne5 O-O 14. O-O Ra7 15.
Bg3 Qd8 16. Qc2 Re8 17. f4 Nf8 18. Qf2 Bd6 19. Kh1 Ra8 20. Bh4 Qb8 21. g5 hxg5
22. Bxg5 N6h7 23. Bh4 Bf5 24. Rg1 f6 25. Bg3 Be6 26. Ng4 Kh8 27. Bh2 Re7 28.
Ne2 Qc7 29. Ng3 Rae8 30. f5 Bf7 31. h4 Qd8 32. Rce1 Nd7 33. Bf3 Nb6 34. b3 Nc8
35. h5 Bxg3 36. Qxg3 Bxh5 37. Qh3 Bf7 38. Bd1 Nd6 39. Bxd6 Qxd6 40. Re2 g5 41.
Rh2 Bg8 42. Qh6 Rf7 43. Rh3 b6 44. Ne5 Rxe5 45. dxe5 Qxe5 46. Rg2 c5 47. Bh5
Rg7 48. Bg6 d4 49. exd4 cxd4 50. Kg1 1/2-1/2

[Event "AUT chT"]
[Site "2. Bundesliga Mitte 2003/04"]
[Date "2003.??.??"]
[Round "4"]
[White "Testor, Sebastian"]
[Black "Kaspret, Guido"]
[Result "0-1"]
[WhiteElo "2158"]
[BlackElo "2287"]
[PlyCount "88"]
[EventDate "2003.??.??"]

1. e4 c5 2. Nf3 g6 3. d4 Bg7 4. d5 d6 5. h3 Nf6 6. Nc3 O-O 7. Bd3 e6 8. O-O
exd5 9. exd5 Na6 10. Bg5 h6 11. Bf4 Nb4 12. Bc4 Bf5 13. a3 Nxc2 14. Rc1 Nd4 15.
Nxd4 cxd4 16. Nb5 Ne8 17. Nxd4 Bd7 18. Re1 Kh7 19. Bg3 Qf6 20. Re4 Rc8 21. Bh4
g5 22. Bd3 Rxc1 23. Qxc1 Kh8 24. Bg3 Qd8 25. Ne6 fxe6 26. dxe6 Qc8 27. Rc4 Bc6
28. Qe3 d5 29. Rc1 Rf6 30. e7 Re6 31. Qc5 Qd7 32. Bf5 Qxe7 33. Bxe6 Qxe6 34. f3
Qf6 35. Bf2 Nc7 36. Re1 a6 37. b4 Ne6 38. Qd6 Nf4 39. Qb8+ Kh7 40. Rd1 d4 41.
Kh2 d3 42. g3 Nxh3 43. Kxh3 Qxf3 44. Qc8 Qh5# 0-1

[Event "AUT chT"]
[Site "2. Bundesliga Mitte 2003/04"]
[Date "2003.??.??"]
[Round "4"]
[White "Titz, Heimo"]
[Black "Stuhlik, Marko"]
[Result "1/2-1/2"]
[WhiteElo "2295"]
[BlackElo "2286"]
[PlyCount "83"]
[EventDate "2003.??.??"]

1. c4 g6 2. d4 Bg7 3. Nc3 d6 4. e4 Na6 5. Nf3 c6 6. Be2 Nh6 7. O-O O-O 8. Bf4
f6 9. Qd2 Nf7 10. Rad1 e5 11. Be3 Qe7 12. Rfe1 b6 13. a3 f5 14. exf5 gxf5 15.
dxe5 dxe5 16. Bf1 h6 17. Qc2 Ng5 18. Nxg5 hxg5 19. f4 g4 20. fxe5 f4 21. Bf2
Nc5 22. b4 Bf5 23. Qc1 Ne6 24. Bd3 Bxd3 25. Rxd3 Rf5 26. Qd1 f3 27. gxf3 Raf8
28. Bg3 gxf3 29. Rf1 Ng5 30. h4 Bxe5 31. hxg5 Bxg3 32. Rdxf3 Rxf3 33. Rxf3 Qxg5
34. Rxf8+ Kxf8 35. Qf3+ Qf4 36. Kg2 Qxf3+ 37. Kxf3 Be5 38. Ne4 Ke7 39. Ke3 Kd7
40. Kd3 a6 41. b5 axb5 42. cxb5 1/2-1/2

[Event "AUT chT"]
[Site "2. Bundesliga Mitte 2003/04"]
[Date "2003.??.??"]
[Round "4"]
[White "Tratar, Marko"]
[Black "Taggatz, Mario"]
[Result "1/2-1/2"]
[WhiteElo "2455"]
[BlackElo "2230"]
[PlyCount "52"]
[EventDate "2003.??.??"]

1. Nf3 f5 2. g3 Nf6 3. Bg2 d6 4. d4 e6 5. O-O Be7 6. c4 O-O 7. Nc3 Ne4 8. Qc2
Nxc3 9. Qxc3 a5 10. b3 Nc6 11. Bb2 Bf6 12. Rad1 Qe8 13. Qc2 e5 14. d5 Nd8 15.
c5 Qh5 16. Rfe1 f4 17. Nd2 Nf7 18. cxd6 fxg3 19. hxg3 cxd6 20. Ne4 Bd8 21. Bc1
Bb6 22. Qd3 Nh6 23. Bxh6 Qxh6 24. Qb5 Ba7 25. e3 Bf5 26. Qd3 Bc5 1/2-1/2

[Event "AUT chT"]
[Site "2. Bundesliga Mitte 2003/04"]
[Date "2003.??.??"]
[Round "4"]
[White "Waldmann, Gerald"]
[Black "Kormann, Werner"]
[Result "1/2-1/2"]
[WhiteElo "2150"]
[BlackElo "2117"]
[PlyCount "39"]
[EventDate "2003.??.??"]

1. e4 c5 2. Nf3 g6 3. d4 cxd4 4. Nxd4 Bg7 5. Nc3 Nc6 6. Be3 Nf6 7. Bc4 O-O 8.
Bb3 a5 9. a4 d6 10. h3 Bd7 11. O-O Nxd4 12. Bxd4 Bc6 13. Nd5 Nd7 14. f4 Bxd4+
15. Qxd4 e6 16. Rad1 Bxd5 17. exd5 e5 18. fxe5 Nxe5 19. Rf2 f5 20. c4 1/2-1/2

[Event "AUT chT"]
[Site "2. Bundesliga Mitte 2003/04"]
[Date "2003.??.??"]
[Round "4"]
[White "Woeber, Friedrich"]
[Black "Pfaffel, Thomas"]
[Result "1-0"]
[WhiteElo "2197"]
[BlackElo "2126"]
[PlyCount "55"]
[EventDate "2003.??.??"]

1. e4 c5 2. Nf3 d6 3. d4 cxd4 4. Nxd4 Nf6 5. Nc3 a6 6. Bc4 e6 7. O-O Be7 8. Bb3
Qc7 9. f4 Nc6 10. Be3 O-O 11. Qf3 Bd7 12. Rae1 b5 13. a3 Rad8 14. g4 Nxd4 15.
Bxd4 Bc6 16. g5 Nd7 17. Qh5 Nc5 18. Rf3 Nxb3 19. Rh3 f6 20. Qxh7+ Kf7 21. cxb3
Rg8 22. gxf6 Bxf6 23. Bxf6 Kxf6 24. f5 Qb6+ 25. Kf1 Bd7 26. Qg6+ Ke5 27. Rh5
Rdf8 28. f6+ 1-0

[Event "AUT chT"]
[Site "2. Bundesliga Mitte 2003/04"]
[Date "2003.??.??"]
[Round "4"]
[White "Zaja, Ivan"]
[Black "Pilaj, Herwig"]
[Result "1/2-1/2"]
[WhiteElo "2430"]
[BlackElo "2343"]
[PlyCount "64"]
[EventDate "2003.??.??"]

1. d4 d5 2. c4 c6 3. Nf3 Nf6 4. Nc3 dxc4 5. a4 e6 6. e3 c5 7. Bxc4 Nc6 8. O-O
Be7 9. Qe2 cxd4 10. exd4 O-O 11. Rd1 Nb4 12. a5 Bd7 13. Ne5 Bc6 14. Nxc6 bxc6
15. Bf4 Nbd5 16. Be5 Bb4 17. Rd3 Bxa5 18. Nxd5 cxd5 19. Bxf6 Qxf6 20. Bxd5 exd5
21. Rxa5 Rae8 22. Qd2 Qb6 23. g3 Re2 24. Qxe2 Qxa5 25. Rb3 Qa4 26. Qd3 g6 27.
Ra3 Qc4 28. Qc3 a6 29. Kg2 Qe2 30. Qe3 Qxb2 31. Rxa6 Qc2 32. Rd6 Qe4+ 1/2-1/2

[Event "AUT chT"]
[Site "2. Bundesliga Mitte 2003/04"]
[Date "2004.??.??"]
[Round "5"]
[White "Baumgartner, Heinz"]
[Black "Sandhoefner, Florian"]
[Result "1/2-1/2"]
[WhiteElo "2345"]
[BlackElo "2233"]
[PlyCount "114"]
[EventDate "2003.??.??"]

1. Nf3 Nf6 2. g3 g6 3. b3 Bg7 4. Bb2 O-O 5. Bg2 d6 6. d4 e5 7. dxe5 Nfd7 8. Nc3
Nxe5 9. O-O c6 10. Nxe5 Bxe5 11. Qc1 Qe7 12. f4 Bg7 13. Ne4 f5 14. Bxg7 Qxg7
15. Nf2 Re8 16. Re1 d5 17. c4 dxc4 18. Qxc4+ Be6 19. Qc1 Nd7 20. e4 fxe4 21.
Nxe4 Bd5 22. Qc2 Bxe4 23. Bxe4 Nf6 24. Rad1 Nxe4 25. Rxe4 Rad8 26. Qc4+ Qf7 27.
Rxe8+ Rxe8 28. Rd7 Qxc4 29. bxc4 Re1+ 30. Kf2 Ra1 31. Rxb7 Rxa2+ 32. Kf3 Ra4
33. g4 Rxc4 34. Rxa7 Rc1 35. Rc7 Rc4 36. g5 Kh8 37. h4 Kg8 38. Kg4 Kh8 39. Rf7
Kg8 40. Rf6 Rc1 41. h5 Rg1+ 42. Kf3 gxh5 43. Rxc6 h4 44. Rh6 Rg3+ 45. Ke4 h3
46. Kf5 Kg7 47. Rh4 Kg8 48. Rh6 Kg7 49. Rc6 Rb3 50. Rc7+ Kg8 51. Rc2 Kg7 52.
Kg4 h6 53. Rc7+ Kg8 54. g6 h2 55. Rc1 Kg7 56. f5 Rb4+ 57. Kg3 Rb5 1/2-1/2

[Event "AUT chT"]
[Site "2. Bundesliga Mitte 2003/04"]
[Date "2004.10.??"]
[Round "5"]
[White "Dervishi, Erald"]
[Black "Horvath, Csaba"]
[Result "1/2-1/2"]
[WhiteElo "2495"]
[BlackElo "2513"]
[PlyCount "31"]
[EventDate "2003.??.??"]

1. e4 c5 2. Nf3 e6 3. d4 cxd4 4. Nxd4 a6 5. Bd3 Nf6 6. O-O Qc7 7. Qe2 d6 8. c4
g6 9. Nc3 Bg7 10. Nf3 O-O 11. Rd1 Nc6 12. Bf4 e5 13. Be3 Bg4 14. Rd2 Nd4 15.
Qd1 Bxf3 16. gxf3 1/2-1/2

[Event "AUT chT"]
[Site "2. Bundesliga Mitte 2003/04"]
[Date "2004.??.??"]
[Round "5"]
[White "Enzendorfer, Alfred"]
[Black "Stadler, Peter"]
[Result "1/2-1/2"]
[WhiteElo "2194"]
[BlackElo "2180"]
[PlyCount "81"]
[EventDate "2003.??.??"]

1. Nf3 Nf6 2. c4 g6 3. Nc3 d5 4. d4 Bg7 5. g3 O-O 6. Bg2 c6 7. Qb3 dxc4 8. Qxc4
Nbd7 9. O-O Qa5 10. b4 Qh5 11. e4 e5 12. Qe2 exd4 13. Na4 Ng4 14. Bb2 d3 15.
Qd1 Bxb2 16. Nxb2 Nde5 17. h3 Nf6 18. Nxe5 Qxe5 19. Nxd3 Qd4 20. Qe2 Be6 21.
Rfd1 Rad8 22. Qb2 Nxe4 23. Qxd4 Rxd4 24. Nc5 Rxd1+ 25. Rxd1 Nxc5 26. bxc5 Rc8
27. Rb1 Rc7 28. a4 a5 29. g4 h6 30. Kh2 Bc8 31. Rd1 Rd7 32. Bf3 Rxd1 33. Bxd1
Kg7 34. Kg3 g5 35. f4 Be6 36. h4 gxf4+ 37. Kxf4 Kf6 38. g5+ hxg5+ 39. hxg5+ Kg7
40. Ke5 Bc4 41. Bc2 1/2-1/2

[Event "AUT chT"]
[Site "2. Bundesliga Mitte 2003/04"]
[Date "2004.??.??"]
[Round "5"]
[White "Haba, Petr"]
[Black "Renner, Christoph"]
[Result "1-0"]
[WhiteElo "2524"]
[BlackElo "2401"]
[PlyCount "109"]
[EventDate "2003.??.??"]

1. e4 e6 2. d4 d5 3. e5 c5 4. c3 Qb6 5. Nf3 Nc6 6. a3 c4 7. Nbd2 Bd7 8. b3 cxb3
9. Nxb3 Rc8 10. Bd2 Na5 11. Nxa5 Qxa5 12. Qb1 Qb6 13. Qxb6 axb6 14. Rb1 Bxa3
15. Rxb6 Bc6 16. Bb5 Ne7 17. Ke2 O-O 18. Bxc6 Nxc6 19. Ra1 Ra8 20. Rb3 Be7 21.
Rxa8 Rxa8 22. Rxb7 Rc8 23. Kd3 h6 24. g4 Bd8 25. h4 Na5 26. Ra7 Bb6 27. Ra6 Nc4
28. Bc1 Ba5 29. g5 Bxc3 30. gxh6 Nb2+ 31. Bxb2 Bxb2 32. hxg7 Rc3+ 33. Ke2 Rxf3
34. Kxf3 Bxd4 35. h5 Kxg7 36. Kf4 Bxf2 37. Ra2 Bd4 38. Re2 Kh6 39. Kg4 Bc3 40.
Rf2 Kg7 41. Kg5 Bxe5 42. h6+ Kg8 43. Ra2 Bd4 44. Kh5 Kh7 45. Ra3 e5 46. Rf3 Kg8
47. Rg3+ Kf8 48. h7 e4 49. Rg8+ Ke7 50. Kg4 Kd6 51. h8=Q Bxh8 52. Rxh8 Ke5 53.
Re8+ Kd4 54. Kf4 f5 55. Re5 1-0

[Event "AUT chT"]
[Site "2. Bundesliga Mitte 2003/04"]
[Date "2004.10.??"]
[Round "5"]
[White "Hebesberger, Thomas"]
[Black "Ragger, Markus"]
[Result "1-0"]
[WhiteElo "2322"]
[BlackElo "2347"]
[PlyCount "61"]
[EventDate "2003.??.??"]

1. c4 c5 2. g3 Nc6 3. Bg2 g6 4. Nc3 Bg7 5. Nf3 e5 6. d3 Nge7 7. Bg5 h6 8. Bxe7
Nxe7 9. O-O O-O 10. Ne1 Rb8 11. Nc2 f5 12. Ne3 f4 13. Ned5 d6 14. Qd2 h5 15.
Rab1 Bh6 16. Nxe7+ Qxe7 17. b4 h4 18. Nd5 Qh7 19. gxf4 exf4 20. Qc3 Bg7 21. Qa3
f3 22. Bxf3 Rxf3 23. exf3 Qh5 24. Qxa7 Qxf3 25. Ne3 Bd7 26. Qxb8+ Kh7 27. Qd8
Qh3 28. Qg5 Be5 29. Qg2 Qe6 30. bxc5 Bc6 31. Rxb7+ 1-0

[Event "AUT chT"]
[Site "2. Bundesliga Mitte 2003/04"]
[Date "2004.??.??"]
[Round "5"]
[White "Heimberger, Reinhard"]
[Black "Seifert, Volker"]
[Result "0-1"]
[WhiteElo "2301"]
[BlackElo "2278"]
[PlyCount "86"]
[EventDate "2003.??.??"]

1. c4 c5 2. Nc3 Nc6 3. g3 g6 4. Bg2 Bg7 5. e4 e6 6. Nge2 Nge7 7. d3 d6 8. Bg5
h6 9. Be3 Nd4 10. Qd2 O-O 11. O-O Kh7 12. f4 a6 13. g4 f5 14. exf5 gxf5 15. g5
Ng6 16. gxh6 Bh8 17. Bf2 Rg8 18. Kh1 Nh4 19. Bxh4 Qxh4 20. Nxd4 Bxd4 21. Rf3
Bd7 22. Rh3 Rxg2 23. Qxg2 Qe7 24. Qxb7 Ra7 25. Qg2 Qe8 26. Re1 Bc6 27. Nd5 Re7
28. Qg5 Qf7 29. Rf3 Re8 30. h4 exd5 31. Rxe8 Bxe8 32. cxd5 Qxd5 33. Kg2 Qf7 34.
Rg3 Bc6+ 35. Kh2 Bxb2 36. Qd8 Bd4 37. Qxd6 Bb5 38. a4 Bxa4 39. Qxa6 Bb3 40. Rg2
Bd5 41. Rg5 Qe8 42. Kh3 Qe3+ 43. Rg3 Bg2+ 0-1

[Event "AUT chT"]
[Site "2. Bundesliga Mitte 2003/04"]
[Date "2004.??.??"]
[Round "5"]
[White "Hellmayr, Alois"]
[Black "Kranzl, Peter"]
[Result "1/2-1/2"]
[WhiteElo "2284"]
[BlackElo "2246"]
[PlyCount "26"]
[EventDate "2003.??.??"]

1. e4 e6 2. d4 d5 3. exd5 exd5 4. Bd3 Bd6 5. Ne2 Ne7 6. O-O O-O 7. Bg5 f6 8.
Bf4 Bg4 9. Bxd6 Qxd6 10. c3 Bh5 11. Qb3 Nbc6 12. Nd2 Rfe8 13. Rfe1 a6 1/2-1/2

[Event "AUT chT"]
[Site "2. Bundesliga Mitte 2003/04"]
[Date "2004.??.??"]
[Round "5"]
[White "Konopka, Michal"]
[Black "Timoscenko, Genadij"]
[Result "1/2-1/2"]
[WhiteElo "2451"]
[BlackElo "2501"]
[PlyCount "29"]
[EventDate "2003.??.??"]

1. Nf3 d5 2. d4 Nf6 3. c4 c6 4. Qc2 dxc4 5. Qxc4 Bf5 6. g3 e6 7. Bg2 Nbd7 8.
O-O Be7 9. e3 O-O 10. Qe2 c5 11. Nc3 Ne4 12. Rd1 Nxc3 13. bxc3 Be4 14. Ne1 Bxg2
15. Kxg2 1/2-1/2

[Event "AUT chT"]
[Site "2. Bundesliga Mitte 2003/04"]
[Date "2004.10.??"]
[Round "5"]
[White "Kuess, Mario"]
[Black "Ertl, Johann"]
[Result "1-0"]
[WhiteElo "2147"]
[BlackElo "2204"]
[PlyCount "99"]
[EventDate "2003.??.??"]

1. f4 e5 2. fxe5 d6 3. exd6 Bxd6 4. Nf3 g5 5. g3 g4 6. Nh4 Ne7 7. e4 Ng6 8. Nf5
Bxf5 9. exf5 Ne5 10. Bg2 Nbc6 11. d3 Qf6 12. O-O Bc5+ 13. Kh1 O-O-O 14. Nc3 Nd4
15. Ne4 Qb6 16. c3 Ndf3 17. Nxc5 Qxc5 18. d4 Qc6 19. Qe2 Nc4 20. Bxf3 gxf3 21.
Qxf3 Qb6 22. b3 Nd6 23. Bg5 Rde8 24. Bf6 Rhg8 25. Be5 Kb8 26. Qd5 Rgf8 27. Rae1
Nc8 28. Bf4 Ne7 29. Qd7 Qc6+ 30. Qxc6 Nxc6 31. f6 Kc8 32. Kg2 Nb8 33. g4 Nd7
34. g5 Rg8 35. Kf3 h6 36. h4 hxg5 37. hxg5 Rh8 38. Kg4 Reg8 39. Kf5 Rh3 40. Re7
Rf8 41. Rfe1 Kd8 42. c4 a5 43. d5 a4 44. b4 Ra3 45. R1e2 Rc3 46. c5 Rc4 47. a3
Rc3 48. Rxd7+ Kxd7 49. Re7+ Kd8 50. Rxc7 1-0

[Event "AUT chT"]
[Site "2. Bundesliga Mitte 2003/04"]
[Date "2004.10.??"]
[Round "5"]
[White "Manca, Federico"]
[Black "Genser, Harald"]
[Result "1-0"]
[WhiteElo "2358"]
[BlackElo "2288"]
[PlyCount "47"]
[EventDate "2003.??.??"]

1. e4 c5 2. c3 Nf6 3. e5 Nd5 4. d4 cxd4 5. Nf3 e6 6. cxd4 Qc7 7. Bd3 d6 8. O-O
Nd7 9. Bd2 dxe5 10. dxe5 Nb4 11. Be4 Nc6 12. Qc2 Nc5 13. Bxc6+ Qxc6 14. Nc3 Qa6
15. b4 Nd7 16. a3 Be7 17. Rfe1 O-O 18. Bg5 Re8 19. Bxe7 Rxe7 20. Ne4 Nf8 21.
Rad1 Bd7 22. Nf6+ gxf6 23. exf6 Ba4 24. Qc1 1-0

[Event "AUT chT"]
[Site "2. Bundesliga Mitte 2003/04"]
[Date "2004.11.??"]
[Round "5"]
[White "Mazi, Leon"]
[Black "Buhmann, Rainer"]
[Result "1-0"]
[WhiteElo "2402"]
[BlackElo "2527"]
[PlyCount "125"]
[EventDate "2003.??.??"]

1. e4 e6 2. d3 d5 3. Nd2 Nf6 4. Ngf3 b6 5. c3 Be7 6. Qa4+ c6 7. Be2 O-O 8. O-O
Ba6 9. Re1 dxe4 10. dxe4 Bxe2 11. Rxe2 Qd3 12. Qc4 Rd8 13. Qxd3 Rxd3 14. Re1
Rd8 15. Nb3 c5 16. h3 Nc6 17. Bf4 Kf8 18. a4 Rac8 19. Nfd2 Nh5 20. Bh2 Bg5 21.
Nc4 Bf4 22. g3 Bb8 23. e5 g5 24. Re4 Rd5 25. Rae1 Rcd8 26. Kg2 Ke7 27. h4 h6
28. hxg5 hxg5 29. R1e2 Bc7 30. Bg1 Rg8 31. f3 Rd1 32. Bh2 Rb1 33. Na3 Rd1 34.
Nc4 Rh8 35. Ne3 Rb1 36. Ng4 Rd8 37. Rc2 Rbd1 38. Rce2 Rb1 39. Rc2 Rd5 40. Nd2
Rd1 41. Nc4 Rd8 42. Rce2 Ra1 43. Na3 Rd3 44. Nf2 Rd5 45. Ng4 Rd8 46. Nf2 Rd5
47. Ng4 Na5 48. R4e3 Rd8 49. Nf2 Nb3 50. Rc2 Kf8 51. Nh3 Rc1 52. Rf2 Rcd1 53.
Nxg5 R8d2 54. g4 Ng7 55. Ne4 Rxf2+ 56. Kxf2 Nc1 57. Bg3 Rd5 58. f4 Nd3+ 59. Ke2
Nxb2 60. a5 b5 61. Nf6 Rd1 62. Bf2 Rh1 63. Rh3 1-0

[Event "AUT chT"]
[Site "2. Bundesliga Mitte 2003/04"]
[Date "2004.10.??"]
[Round "5"]
[White "Pavasovic, Dusko"]
[Black "Rogic, Davor"]
[Result "1-0"]
[WhiteElo "2596"]
[BlackElo "2461"]
[PlyCount "83"]
[EventDate "2003.??.??"]

1. e4 e5 2. Nf3 Nc6 3. d4 exd4 4. Nxd4 Nf6 5. Nxc6 bxc6 6. e5 Qe7 7. Qe2 Nd5 8.
c4 Nb6 9. Nc3 a5 10. Bd2 Ba6 11. b3 Qe6 12. Qe4 g6 13. Bd3 Bg7 14. O-O O-O 15.
Rae1 Rfe8 16. f4 d5 17. cxd5 cxd5 18. Qf3 Bxd3 19. Qxd3 c6 20. Ne2 c5 21. Qb5
Rec8 22. f5 Qc6 23. Qxc6 Rxc6 24. f6 Bf8 25. Nf4 c4 26. e6 Bc5+ 27. Kh1 Kf8 28.
Nh3 fxe6 29. Bh6+ Ke8 30. f7+ Kd7 31. f8=Q Bxf8 32. Bxf8 c3 33. Bg7 Re8 34. Nf4
Kc8 35. Bd4 Kb7 36. Nd3 Re7 37. Nc5+ Kc7 38. Be5+ Kd8 39. Rf8+ Re8 40. Bf6+ Kc7
41. Rxe8 Rxc5 42. Re7+ 1-0

[Event "AUT chT"]
[Site "2. Bundesliga Mitte 2003/04"]
[Date "2004.10.??"]
[Round "5"]
[White "Pilaj, Herwig"]
[Black "Horvath, Peter"]
[Result "1-0"]
[WhiteElo "2343"]
[BlackElo "2463"]
[PlyCount "111"]
[EventDate "2003.??.??"]

1. e4 c5 2. Nf3 Nc6 3. Bb5 g6 4. Bxc6 dxc6 5. d3 Bg7 6. h3 Nf6 7. O-O O-O 8. a4
a5 9. Be3 b6 10. Nbd2 Nd7 11. c3 e5 12. Qb3 Qc7 13. Rfd1 Re8 14. Rac1 Ba6 15.
Nc4 Rab8 16. Qa2 Nf8 17. Rb1 Bc8 18. b4 axb4 19. cxb4 cxb4 20. Rxb4 c5 21. Rb2
Be6 22. Ng5 Bxc4 23. Qxc4 h6 24. Nf3 Ra8 25. Rdb1 Nd7 26. Bd2 Ra7 27. Bc3 Rea8
28. a5 bxa5 29. Qd5 Nf6 30. Qc4 a4 31. Bxe5 Qe7 32. Bb8 Rd7 33. Ne5 Rd4 34. Nc6
Rxc4 35. Nxe7+ Kf8 36. dxc4 Kxe7 37. Rb7+ Nd7 38. e5 Ke6 39. f4 a3 40. Ba7 Nxe5
41. fxe5 Bxe5 42. Bxc5 a2 43. Re7+ Kf5 44. Rf1+ Ke4 45. Re1+ Kd3 46. R7xe5 a1=Q
47. Rxa1 Rxa1+ 48. Kf2 Ra5 49. Bd6 Ra2+ 50. Kf3 Kxc4 51. Re7 Ra6 52. Bf4 g5 53.
Be3 f5 54. g3 Kd5 55. Rb7 Ra3 56. Rb5+ 1-0

[Event "AUT chT"]
[Site "2. Bundesliga Mitte 2003/04"]
[Date "2004.10.??"]
[Round "5"]
[White "Reschun, Sascha"]
[Black "Smole, Albert"]
[Result "1-0"]
[WhiteElo "2259"]
[BlackElo "2173"]
[PlyCount "79"]
[EventDate "2003.??.??"]

1. e4 e6 2. d4 d5 3. e5 c5 4. c3 Qb6 5. Nf3 Bd7 6. a3 Bb5 7. c4 Bxc4 8. Bxc4
dxc4 9. d5 Nd7 10. Nc3 Ne7 11. dxe6 fxe6 12. O-O Qc6 13. a4 Nf5 14. a5 Be7 15.
g4 Nd4 16. Nxd4 cxd4 17. Qxd4 Bc5 18. Qe4 Rc8 19. Qxc6 Rxc6 20. Bf4 O-O 21. Bg3
Bd4 22. Rfe1 Bxc3 23. bxc3 Rf3 24. Rad1 Nc5 25. Rd8+ Kf7 26. Re3 Rxe3 27. fxe3
Rc7 28. Bf2 Rd7 29. Rc8 Rd1+ 30. Kg2 Nd3 31. Bg3 Ra1 32. Rxc4 Rxa5 33. Rc7+ Kg6
34. Re7 Rb5 35. h4 h5 36. gxh5+ Kxh5 37. Rxe6 a5 38. Re8 Kg4 39. Bf4 a4 40. Rd8
1-0